书目信息 |
| 题名: |
心的高度
|
|
| 作者: | 关英男 著 ;苏惠龄 译 | |
| 分册: | ||
| 出版信息: | 成都 西南财经大学出版社 2000.01 |
|
| 页数: | 183页 | |
| 开本: | 20cm | |
| 丛书名: | 人生智慧经营系列丛书 | |
| 单 册: | ||
| 中图分类: | B842.7 | |
| 科图分类: | ||
| 主题词: | 自我暗示--智力开发 , 自我暗示 , 智力开发 | |
| 电子资源: | ||
| ISBN: | 7-81055-588-X | |
| 000 | 01392nam2 2200337 45 | |
| 001 | 012000053620 | |
| 005 | 20070607150945.11 | |
| 010 | @a7-81055-588-X@dCNY17.80 | |
| 035 | @a(011001)c2000030368 | |
| 100 | @a20001124d2000 em y0chiy0120 ea | |
| 101 | 1 | @achi@cjpn |
| 102 | @aCN@b510000 | |
| 105 | @aa z 000yy | |
| 200 | 1 | @a心的高度@AXin De Gao Du@9xin de gao du@e自我暗示的潜能开发@EZi Wo An Shi De Qian Neng Kai Fa@f(日)关英男著@F( Ri ) Guan Ying Nan Zhu@g苏惠龄译 |
| 210 | @a成都@c西南财经大学出版社@d2000.01 | |
| 215 | @a183页@c图@d20cm | |
| 225 | 2 | @a人生智慧经营系列丛书 |
| 314 | @a关英男(1905~),生于日本山形县,东京工业大学教授、电气通信大学教授、夏威夷大学教授。著有《心的高度——自我暗示的潜能开发》。 | |
| 330 | @a本书包括:改变自己的自我暗示法、提高学习力的自我暗示法、增强集中力的自我暗示法、可提高五倍记忆力的自我暗示法、消除不安和压力的自我暗示法等内容。 | |
| 410 | 0 | @12001 @a人生智慧经营系列丛书 |
| 510 | 1 | @aSelf-Surpassed@eThe Key of Success@zeng |
| 517 | 1 | @a自我暗示的潜能开发@AZi Wo An Shi De Qian Neng Kai Fa@9zi wo an shi de qian neng kai fa |
| 606 | 0 | @a自我暗示@x智力开发 |
| 606 | 0 | @a自我暗示 |
| 606 | 0 | @a智力开发 |
| 690 | @aB842.7@v4 | |
| 701 | 0 | @a关英男@AGuan Ying Nan@9guan ying nan@4著 |
| 702 | 0 | @a苏惠龄@ASu Hui Ling@9su hui ling@4译 |
| 801 | 0 | @aCN@bNLC@c20070607 |
| 905 | @aBZT@dB842.7@e1 | |
| 906 | @dCNY17.80@n0@r1 | |
| 心的高度:自我暗示的潜能开发/(日)关英男著/苏惠龄译.-成都:西南财经大学出版社,2000.01 |
| 183页:图;20cm.-(人生智慧经营系列丛书) |
| ISBN 7-81055-588-X:CNY17.80 |
| 本书包括:改变自己的自我暗示法、提高学习力的自我暗示法、增强集中力的自我暗示法、可提高五倍记忆力的自我暗示法、消除不安和压力的自我暗示法等内容。 |
| ● |
| 相关链接 |
|
|
|
正题名:心的高度
索取号:B842.7/1
 
预约/预借
| 序号 | 登录号 | 条形码 | 馆藏地/架位号 | 状态 | 备注 |
| 1 | 545643 | 230136843 | 中心书库南/004架B面3层6列/ [索取号:B842.7/1] | 在馆 | |
| 2 | 545644 | 230136847 | 中心书库南/004架B面3层6列/ [索取号:B842.7/1] | 在馆 | |
| 3 | 545645 | 230136846 | 中心书库南/004架B面3层6列/ [索取号:B842.7/1] | 在馆 | |
| 4 | 545646 | 230136845 | 中心书库南/004架B面3层6列/ [索取号:B842.7/1] | 在馆 | |
| 5 | 545647 | 230136844 | 中心书库南/004架B面3层6列/ [索取号:B842.7/1] | 在馆 |